| 000 | 00582pam a2200229 a 4500 | ||
|---|---|---|---|
| 001 | 4259739 | ||
| 003 | OSt | ||
| 005 | 20260418155429.0 | ||
| 008 | 840629s1985 nyua b 001 0 eng | ||
| 010 | _a 84015413 | ||
| 020 |
_a0582281903 _qpbk. |
||
| 040 | _c. | ||
| 082 | 0 | 0 | _a320.944 SAF |
| 100 | 1 | _aSafran, William. | |
| 245 | 1 | 4 |
_aThe French polity / _cWilliam Safran. |
| 250 | _a2nd ed. | ||
| 260 |
_aNew York : _bLongman, _cc1985. |
||
| 300 |
_axvii, 314 p. : _bill. ; _c23 cm. |
||
| 365 | _bRs.40 | ||
| 651 | 0 |
_aFrance _xPolitics and government _y1958- |
|
| 942 |
_2ddc _cBK |
||
| 999 |
_c4758 _d4758 |
||